000 00680nam a2200193Ia 4500
003 LDD
008 190117s9999 xx 000 0 und d
020 _a9788126719563
_c₹350
040 _cLDD
041 _ahi
082 _a8H3.7 ल्6208कि
100 _aल्योसा, मारियो वार्गास
245 0 _aकिस्सांगो
_cमारियो वार्गास ल्योसा
260 _aनई दिल्ली
_bराजकमल प्रकाशन
_c2010
300 _a231पृ.
901 _aRAJ
904 _aReqst by : J.M. Parekh
942 _2ddc
_cH
999 _c169159
_d169159